[Event "CFriend AH-2004-0-00007 email"]
[Site "Chessfriend.com"]
[Date "2004.05.28"]
[Round "?"]
[White "Manisse, Pierre Damien"]
[Black "Muller Alves, Martin"]
[Result "0-1"]
[WhiteElo "1480"]
[BlackElo "1560"]
[PlyCount "36"]
[EventDate "2004.??.??"]
[EventType "tourn (corr)"]
[EventRounds "13"]
[SourceTitle "Corr 2008"]
[Source "ChessBase"]
[SourceDate "2008.06.24"]
[SourceVersion "1"]
[SourceVersionDate "2008.06.24"]
[SourceQuality "1"]

1. d4 Nf6 2. Nf3 e6 3. e3 c5 4. Bd3 b6 5. b3 Bb7 6. Bb2 Nc6 7. Nbd2 cxd4 8. exd4 Nb4 9. Be2 Nbd5 10. 0-0 Nf4 11. Bc4 Be7 12. g3 Nh3+ 13. Kg2 Ng5 14. h4 Nxf3 15. Nxf3 0-0 16. Kg1 Qc7 17. Ne5 Ne4 18. Bd3 f6 0-1

[Event "CFriend AH-2004-0-00007 email"]
[Site "Chessfriend.com"]
[Date "2004.05.28"]
[Round "?"]
[White "Muller Alves, Martin"]
[Black "Rulfs, Ernst August"]
[Result "1/2-1/2"]
[WhiteElo "1560"]
[BlackElo "1825"]
[PlyCount "75"]
[EventDate "2004.??.??"]
[EventType "tourn (corr)"]
[EventRounds "13"]
[SourceTitle "Corr 2008"]
[Source "ChessBase"]
[SourceDate "2008.06.24"]
[SourceVersion "1"]
[SourceVersionDate "2008.06.24"]
[SourceQuality "1"]

1. e4 Nf6 2. e5 Nd5 3. d4 d6 4. Nf3 g6 5. Bc4 Nb6 6. Bb3 Bg7 7. a4 dxe5 8. a5 N6d7 9. Bxf7+ Kxf7 10. Ng5+ Kg8 11. Ne6 Qe8 12. Nxc7 Qd8 13. Nxa8 exd4 14. 0-0 Nc6 15. Qd3 Nde5 16. Qb3+ Nf7 17. Re1 Qd6 18. a6 bxa6 19. Nd2 Be5 20. Ra3 Kg7 21. Nc4 Bxh2+ 22. Kh1 Qb8 23. g3 Bxg3 24. Qxg3 Qxa8 25. Kg1 h5 26. Bf4 h4 27. Qf3 Qb7 28. Rb3 Qd7 29. Be5+ Ncxe5 30. Nxe5 Nxe5 31. Rxe5 Qd6 32. Qf4 Rh5 33. Rf3 Bf5 34. Re2 Qc5 35. Kh2 h3 36. b4 Qxb4 37. Rfe3 Kf7 38. Rxe7+ 1/2-1/2